Development and application of high-lift sprayer model SCCTC-30 (Record no. 56936)

MARC details
000 -LEADER
fixed length control field 00467nam a2200169Ia 4500
100 ## - MAIN ENTRY--AUTHOR NAME
Personal name Qinzhou Xu
245 #0 - TITLE STATEMENT
Title Development and application of high-lift sprayer model SCCTC-30
260 ## - PUBLICATION, DISTRIBUTION, ETC. (IMPRINT)
Name of publisher Chinese Journal of Tropical Crops
Year of publication 1994
300 ## - PHYSICAL DESCRIPTION
Number of Pages 118
650 ## - SUBJECT ADDED ENTRY--TOPICAL TERM
Topical Term High-lift sprayer model SCCTC-30
700 ## - ADDED ENTRY--PERSONAL NAME
Personal name Hongyi Xu
700 ## - ADDED ENTRY--PERSONAL NAME
Personal name Liang Zhong
700 ## - ADDED ENTRY--PERSONAL NAME
Personal name Xing Wu
700 ## - ADDED ENTRY--PERSONAL NAME
Personal name Zhongcheng Li
942 ## - ADDED ENTRY ELEMENTS (KOHA)
Koha item type Journals
Holdings
Withdrawn status Lost status Damaged status Not for loan Home library Current library Shelving location Date acquired Serial Enumeration / chronology Koha item type
      Journals RRII Library RRII Library Pathology 13/08/2002 Volume 15, Issue 2 Journals